| 000 | 00353nam a2200133Ia 4500 | ||
|---|---|---|---|
| 005 | 20251222144820.0 | ||
| 008 | 251222s9999||||xx |||||||||||||| ||spa|| | ||
| 020 | _a84-7908-374-3 | ||
| 082 | _a387.109.46/N29 | ||
| 100 | _aNavarro Vera, José Ramón | ||
| 245 | 0 | _aPuerto, Ciudad y Paisaje Portuario: | |
| 264 | _bUniversidad de Alicante | ||
| 942 | _cLIB | ||
| 999 |
_c20461 _d20461 |
||